[Event "Miedzyzdroje op 3rd"]
[Site "Miedzyzdroje"]
[Date "2013.04.30"]
[Round "4"]
[White "Wisniowska, Klaudia"]
[Black "Galazewski, Tomasz"]
[Result "0-1"]
[WhiteElo "2184"]
[BlackElo "2250"]
[PlyCount "76"]
[EventDate "2013.04.27"]
[EventType "swiss"]
[EventRounds "9"]
[EventCountry "POL"]
[SourceTitle "CBM 154 Extra"]
[Source "ChessBase"]
[SourceDate "2013.06.25"]
[SourceVersion "2"]
[SourceVersionDate "2013.06.25"]
[SourceQuality "1"]

1. e4 d6 2. d4 Nf6 3. Nc3 e5 4. Nf3 Nbd7 5. Bc4 Be7 6. 0-0 0-0 7. Re1 c6 8. a4 b6 9. d5 cxd5 10. Nxd5 Bb7 11. b3 Nxd5 12. Bxd5 Bxd5 13. Qxd5 Qc7 14. c4 Nc5 15. b4 Ne6 16. Be3 a5 17. b5 Rac8 18. Rac1 Nc5 19. Ra1 Nb3 20. Ra3 Nc5 21. Rd1 Nd7 22. Nd2 Nf6 23. Qd3 d5 24. exd5 Bxa3 25. Qxa3 Ng4 26. d6 Qd8 27. Qd3 Nxe3 28. fxe3 Qd7 29. Ne4 h6 30. Qd5 Rfd8 31. c5 bxc5 32. b6 Rc6 33. Qxe5 Rxb6 34. Qxc5 Qxa4 35. Qxb6 Qxd1+ 36. Kf2 Qc2+ 37. Kf3 Re8 38. Nc5 Qd1+ 0-1

[Event "Karpacz op-A 6th"]
[Site "Karpacz"]
[Date "2013.02.17"]
[Round "2"]
[White "Galazewski, Tomasz"]
[Black "Kucza, Karol"]
[Result "1/2-1/2"]
[WhiteElo "2288"]
[BlackElo "1860"]
[PlyCount "82"]
[EventDate "2013.02.16"]
[EventType "swiss"]
[EventRounds "9"]
[EventCountry "POL"]
[SourceTitle "CBM 153 Extra"]
[Source "ChessBase"]
[SourceDate "2013.04.22"]
[SourceVersion "1"]
[SourceVersionDate "2013.04.22"]
[SourceQuality "1"]

1. Nf3 Nf6 2. g3 b6 3. Bg2 Bb7 4. 0-0 e6 5. d3 Be7 6. e4 d5 7. e5 Nfd7 8. Re1 c5 9. h4 Nc6 10. Bf4 h6 11. h5 b5 12. Nbd2 Nb6 13. c3 c4 14. d4 b4 15. Nh2 bxc3 16. bxc3 Ba3 17. Qg4 Kf8 18. Rab1 Rb8 19. Qd1 Ne7 20. Ndf1 Nf5 21. g4 Nh4 22. Bh3 Bc6 23. Bg3 Be7 24. f4 Na4 25. Qd2 Rxb1 26. Rxb1 g6 27. hxg6 fxg6 28. Ne3 Qa5 29. Be1 Kf7 30. Qc2 Rg8 31. Kh1 Qd8 32. f5 Bg5 33. fxe6+ Kg7 34. Bxh4 Bxh4 35. Nf5+ gxf5 36. gxf5 Kh8 37. f6 Bxf6 38. exf6 Qxf6 39. Re1 Qh4 40. Re3 Nc5 41. Qf5 Ne4 1/2-1/2

[Event "POL-chT 2st League"]
[Site "Mrzezyno"]
[Date "2010.09.07"]
[Round "4.68"]
[White "Bardeli, Lukasz"]
[Black "Galazewski, Tomasz"]
[Result "0-1"]
[WhiteElo "2335"]
[BlackElo "2237"]
[PlyCount "63"]
[EventDate "2010.09.04"]
[EventType "team-swiss"]
[EventRounds "9"]
[EventCountry "POL"]
[SourceTitle "EXT 2019"]
[Source "ChessBase"]
[SourceDate "2018.10.10"]
[SourceVersion "1"]
[SourceVersionDate "2018.10.10"]
[SourceQuality "1"]
[WhiteTeam "Gniezno LKS Chrobry"]
[BlackTeam "Bogatynia UKS SP3"]
[WhiteTeamCountry "POL"]
[BlackTeamCountry "POL"]

1. Nf3 Nf6 2. c4 g6 3. Nc3 Bg7 4. e4 d6 5. d4 0-0 6. Be2 e5 7. d5 a5 8. Bg5 h6 9. Bh4 Na6 10. Nd2 Bd7 11. 0-0 Qe8 12. Rb1 Nh7 13. b3 h5 14. f3 Bh6 15. Bf2 f5 16. a3 Qe7 17. b4 axb4 18. axb4 Bf4 19. c5 dxc5 20. b5 Nb4 21. Nc4 Nf6 22. b6 fxe4 23. Nxe4 Nxe4 24. fxe4 Ra2 25. Rxb4 cxb4 26. bxc7 b5 27. d6 Qe6 28. Nb6 Rd2 29. Nxd7 Qxd7 30. Qb3+ Kh7 31. Qh3 Rxd6 32. Bc5 0-1

[Event "POL-chT 2st League"]
[Site "Mrzezyno"]
[Date "2010.09.06"]
[Round "3.86"]
[White "Liberadzki, Slawomir"]
[Black "Galazewski, Tomasz"]
[Result "0-1"]
[WhiteElo "2083"]
[BlackElo "2237"]
[PlyCount "67"]
[EventDate "2010.09.04"]
[EventType "team-swiss"]
[EventRounds "9"]
[EventCountry "POL"]
[SourceTitle "EXT 2019"]
[Source "ChessBase"]
[SourceDate "2018.10.10"]
[SourceVersion "1"]
[SourceVersionDate "2018.10.10"]
[SourceQuality "1"]
[WhiteTeam "Izabelin SSz Parazauroloff"]
[BlackTeam "Bogatynia UKS SP3"]
[WhiteTeamCountry "POL"]
[BlackTeamCountry "POL"]

1. e4 d6 2. d4 Nf6 3. Bd3 e5 4. Nf3 Nbd7 5. 0-0 g6 6. dxe5 dxe5 7. b3 Bg7 8. Bb2 Qe7 9. Nbd2 0-0 10. Nc4 Nh5 11. Re1 b6 12. Ba3 c5 13. Ne3 Bb7 14. c4 Nf4 15. Nd5 Qd6 16. Bb2 Ne6 17. Rc1 Rad8 18. Nd2 Nb8 19. Nf1 Nc6 20. Nfe3 Ncd4 21. Qg4 Nf4 22. Nxf4 exf4 23. Nd5 Nf3+ 24. Qxf3 Bxb2 25. Rcd1 Be5 26. Bc2 Qb8 27. Rd2 Kg7 28. Red1 Rfe8 29. Nc3 a6 30. Nd5 Bc8 31. Rb1 Bd6 32. b4 Qa8 33. bxc5 bxc5 34. Ba4 0-1

[Event "POL-chT 2st League"]
[Site "Mrzezyno"]
[Date "2010.09.05"]
[Round "2.68"]
[White "Galazewski, Tomasz"]
[Black "Jaroch, Karol"]
[Result "0-1"]
[WhiteElo "2237"]
[BlackElo "2261"]
[PlyCount "56"]
[EventDate "2010.09.04"]
[EventType "team-swiss"]
[EventRounds "9"]
[EventCountry "POL"]
[SourceTitle "EXT 2019"]
[Source "ChessBase"]
[SourceDate "2018.10.10"]
[SourceVersion "1"]
[SourceVersionDate "2018.10.10"]
[SourceQuality "1"]
[WhiteTeam "Bogatynia UKS SP3"]
[BlackTeam "Torun AZS UMK"]
[WhiteTeamCountry "POL"]
[BlackTeamCountry "POL"]

1. e4 e6 2. d4 d5 3. exd5 exd5 4. Nf3 Nc6 5. Bb5 Bd6 6. c4 dxc4 7. d5 a6 8. Ba4 b5 9. dxc6 bxa4 10. 0-0 Be6 11. Qxa4 Bd5 12. Nbd2 Ne7 13. Nxc4 Bxf3 14. Nxd6+ Qxd6 15. gxf3 0-0 16. Bf4 Qg6+ 17. Bg3 h5 18. Kh1 Qf6 19. Qe4 Ng6 20. Rfe1 Rfe8 21. Qxe8+ Rxe8 22. Rxe8+ Kh7 23. Re3 Qxb2 24. Rg1 Qxa2 25. Bxc7 Qc2 26. Be5 Qxc6 27. Ba1 a5 28. Bc3 a4 0-1

[Event "POL-chT 2st League"]
[Site "Mrzezyno"]
[Date "2010.09.04"]
[Round "1.50"]
[White "Galazewski, Tomasz"]
[Black "Pojedziniec, Wladyslaw"]
[Result "1/2-1/2"]
[WhiteElo "2237"]
[BlackElo "2207"]
[PlyCount "70"]
[EventDate "2010.09.04"]
[EventType "team-swiss"]
[EventRounds "9"]
[EventCountry "POL"]
[SourceTitle "EXT 2019"]
[Source "ChessBase"]
[SourceDate "2018.10.10"]
[SourceVersion "1"]
[SourceVersionDate "2018.10.10"]
[SourceQuality "1"]
[WhiteTeam "Bogatynia UKS SP3"]
[BlackTeam "Wroclaw Hetman"]
[WhiteTeamCountry "POL"]
[BlackTeamCountry "POL"]

1. e4 c5 2. Nf3 e6 3. d4 cxd4 4. Nxd4 a6 5. c4 Nf6 6. Nc3 Bb4 7. Bd3 Qc7 8. 0-0 Nc6 9. Nxc6 dxc6 10. Bg5 Be7 11. Qe2 e5 12. Bxf6 Bxf6 13. Na4 0-0 14. c5 Be6 15. Nb6 Rad8 16. Bc4 Bxc4 17. Nxc4 Be7 18. b4 Rd4 19. Rad1 Rfd8 20. Rxd4 Rxd4 21. Rd1 Qd8 22. Rd2 a5 23. a3 axb4 24. axb4 Bg5 25. Rxd4 Qxd4 26. g3 g6 27. Kg2 Bd8 28. Nd6 Bc7 29. Qc4 Qxc4 30. Nxc4 Kf8 31. Kf3 Ke7 32. Kg4 f6 33. f4 h5+ 34. Kf3 Ke6 35. fxe5 Bxe5 1/2-1/2

[Event "Karpacz op"]
[Site "Karpacz"]
[Date "2010.02.26"]
[Round "7"]
[White "Warakomski, Tomasz"]
[Black "Galazewski, Tomasz"]
[Result "1-0"]
[WhiteElo "2485"]
[BlackElo "2249"]
[PlyCount "89"]
[EventDate "2010.02.21"]
[EventType "swiss"]
[EventRounds "9"]
[EventCountry "POL"]
[SourceTitle "CBM 135 Extra"]
[Source "ChessBase"]
[SourceDate "2010.05.04"]
[SourceVersion "1"]
[SourceVersionDate "2010.05.04"]
[SourceQuality "1"]

1. e4 c5 2. Nf3 d6 3. d4 cxd4 4. Nxd4 Nf6 5. Nc3 Nc6 6. Bc4 e5 7. Nf3 Be6 8. Qe2 Be7 9. Bg5 0-0 10. Bxf6 Bxf6 11. Nd5 Bxd5 12. Bxd5 Nd4 13. Qd3 Nxf3+ 14. Qxf3 Qa5+ 15. c3 Rac8 16. 0-0 b5 17. a3 Qb6 18. Rfd1 Be7 19. Rd3 g6 20. Qe2 Kg7 21. Qd2 a5 22. Rh3 h5 23. Rf3 Rc7 24. Rd1 Qc5 25. g3 Rcc8 26. Kg2 Rb8 27. b4 Qa7 28. Qe2 Qd7 29. Qa2 Bd8 30. Qe2 h4 31. Bb3 axb4 32. axb4 Ra8 33. Rfd3 Be7 34. f4 exf4 35. gxf4 Ra3 36. Bd5 Rc8 37. Qb2 Qg4+ 38. Kh1 Ra7 39. Qf2 Rac7 40. Rg1 Qh5 41. f5 g5 42. f6+ Bxf6 43. Rf3 Be5 44. Bxf7 Qh6 45. Be6 1-0

[Event "Karpacz op"]
[Site "Karpacz"]
[Date "2010.02.25"]
[Round "6"]
[White "Siwiec, Arkadiusz"]
[Black "Galazewski, Tomasz"]
[Result "1/2-1/2"]
[WhiteElo "2084"]
[BlackElo "2249"]
[PlyCount "60"]
[EventDate "2010.02.21"]
[EventType "swiss"]
[EventRounds "9"]
[EventCountry "POL"]
[SourceTitle "CBM 135 Extra"]
[Source "ChessBase"]
[SourceDate "2010.05.04"]
[SourceVersion "1"]
[SourceVersionDate "2010.05.04"]
[SourceQuality "1"]

1. e4 c5 2. Nf3 d6 3. d4 cxd4 4. Nxd4 Nf6 5. Nc3 Nc6 6. Bg5 e6 7. Qd2 a6 8. 0-0-0 Bd7 9. f4 h6 10. Bh4 g5 11. fxg5 Ng4 12. Be2 Nge5 13. Nf3 Be7 14. Rhg1 b5 15. a3 hxg5 16. Bxg5 Bxg5 17. Nxg5 Qf6 18. Nf3 Qh6 19. Qxh6 Rxh6 20. Rxd6 Nxf3 21. gxf3 Ke7 22. Rd2 Rah8 23. a4 b4 24. Nd1 Rxh2 25. Ne3 Nd4 26. Rxd4 Rxe2 27. Rgd1 Be8 28. Nf1 Bxa4 29. b3 Rc8 30. bxa4 Rcxc2+ 1/2-1/2

[Event "Warsaw AIG Life rapid 9th"]
[Site "Warsaw"]
[Date "2009.12.20"]
[Round "13"]
[White "Sakalauskas, Vaidas"]
[Black "Galazewski, Tomasz"]
[Result "1-0"]
[WhiteElo "2418"]
[BlackElo "2249"]
[PlyCount "65"]
[EventDate "2009.12.19"]
[EventType "swiss (rapid)"]
[EventRounds "13"]
[EventCountry "POL"]
[SourceTitle "CBM 133 Extra"]
[Source "ChessBase"]
[SourceDate "2010.01.05"]
[SourceVersion "1"]
[SourceVersionDate "2010.01.05"]
[SourceQuality "1"]

1. d4 Nf6 2. c4 g6 3. Nc3 Bg7 4. e4 d6 5. Be2 0-0 6. Nf3 e5 7. 0-0 exd4 8. Nxd4 Re8 9. f3 c6 10. Kh1 Nbd7 11. Nc2 Nc5 12. Be3 Nh5 13. g4 Nf6 14. Qd2 Be6 15. Rad1 Nfd7 16. Bg5 Bxc3 17. bxc3 Qa5 18. Nd4 Na4 19. Rc1 Nab6 20. Nb3 Qe5 21. Bf4 Qg7 22. Qxd6 Rad8 23. Qb4 Ne5 24. c5 Nbc4 25. Nd4 b5 26. cxb6 Nxb6 27. Bxe5 Qxe5 28. Nxc6 Qf4 29. Nxd8 Rxd8 30. Rcd1 Rf8 31. a4 Nd7 32. Qd6 Ne5 33. Qd2 1-0

[Event "POL-chT 2nd League"]
[Site "Miedzyzdroje"]
[Date "2009.09.18"]
[Round "7"]
[White "Galazewski, Tomasz"]
[Black "Chojnacki, Slawomir"]
[Result "1/2-1/2"]
[WhiteElo "2244"]
[BlackElo "2272"]
[PlyCount "178"]
[EventDate "2009.09.12"]
[EventType "team-swiss"]
[EventRounds "9"]
[EventCountry "POL"]
[SourceTitle "EXT 2019"]
[Source "ChessBase"]
[SourceDate "2018.10.10"]
[SourceVersion "1"]
[SourceVersionDate "2018.10.10"]
[SourceQuality "1"]
[WhiteTeam "Izabelin SSz Parazauroloff"]
[BlackTeam "Chroscice LZS Victoria"]
[WhiteTeamCountry "POL"]
[BlackTeamCountry "POL"]

1. e4 c6 2. d4 d5 3. exd5 cxd5 4. c4 e6 5. Nc3 Nf6 6. Nf3 Be7 7. cxd5 exd5 8. Bd3 0-0 9. h3 Nc6 10. 0-0 Re8 11. Re1 a6 12. Bg5 Be6 13. a3 Rc8 14. Rc1 Na5 15. Ne5 Nc4 16. Rc2 b5 17. Bxc4 dxc4 18. Rce2 Nd5 19. Bxe7 Rxe7 20. Nxd5 Qxd5 21. Nf3 Rd7 22. Re5 Qa8 23. Ng5 f6 24. Rxe6 fxg5 25. Qh5 Rf8 26. Re8 Rd8 27. Rxf8+ Rxf8 28. Qxg5 Qd8 29. Qg4 Qf6 30. f3 Rd8 31. Re5 Qd6 32. Kh1 g6 33. Qe4 Rd7 34. d5 Kf7 35. f4 c3 36. bxc3 Qxa3 37. Qd4 Qa4 38. Qb6 Kg7 39. Qe6 Rf7 40. Re4 Qa1+ 41. Kh2 Qxc3 42. Qxa6 Qd2 43. Qxb5 Rxf4 44. Re7+ Rf7 45. Rxf7+ Kxf7 46. Qd7+ Kf8 47. Qd6+ Kf7 48. Qe6+ Kg7 49. Qe5+ Kf7 50. Kg3 g5 51. Qf5+ Kg7 52. Qe5+ Kf7 53. Qe6+ Kg7 54. Qe7+ Kg8 55. Qe4 h5 56. h4 Qc3+ 57. Kh2 Qc7+ 58. Kh3 Qc8+ 59. Kh2 Qc7+ 60. Kg1 Qc1+ 61. Kf2 Qd2+ 62. Kf3 Qc3+ 63. Qe3 Qf6+ 64. Ke2 Qb2+ 65. Kf3 Qf6+ 66. Ke2 Qb2+ 67. Qd2 Qe5+ 68. Kf2 Qf6+ 69. Ke2 Qe5+ 70. Kf2 Qf6+ 71. Ke2 Qe5+ 72. Qe3 Qb2+ 73. Kf3 Qb7 74. Ke4 Qe7+ 75. Kd3 Qa3+ 76. Ke2 Qb2+ 77. Ke1 Qb1+ 78. Kf2 Qa2+ 79. Kg3 gxh4+ 80. Kxh4 Qxg2 81. Qe8+ Kg7 82. Qe7+ Kg6 83. Qe6+ Kg7 84. Kxh5 Qf3+ 85. Kg5 Qg3+ 86. Kf5 Kf8 87. Qc8+ Ke7 88. Qb7+ Kd8 89. Qb6+ Kd7 1/2-1/2

[Event "POL-chT 2nd League"]
[Site "Miedzyzdroje"]
[Date "2009.09.16"]
[Round "5"]
[White "Paterek, Michal"]
[Black "Galazewski, Tomasz"]
[Result "0-1"]
[WhiteElo "2284"]
[BlackElo "2244"]
[PlyCount "63"]
[EventDate "2009.09.12"]
[EventType "team-swiss"]
[EventRounds "9"]
[EventCountry "POL"]
[SourceTitle "EXT 2019"]
[Source "ChessBase"]
[SourceDate "2018.10.10"]
[SourceVersion "1"]
[SourceVersionDate "2018.10.10"]
[SourceQuality "1"]
[WhiteTeam "Warszawa Entropia"]
[BlackTeam "Izabelin SSz Parazauroloff"]
[WhiteTeamCountry "POL"]
[BlackTeamCountry "POL"]

1. d4 Nf6 2. c4 g6 3. Nc3 Bg7 4. e4 d6 5. Nf3 0-0 6. Be2 e5 7. 0-0 exd4 8. Nxd4 Re8 9. f3 c6 10. Nc2 Qe7 11. Bf4 Rd8 12. Qd2 Na6 13. Rad1 Ne8 14. Rfe1 Be6 15. Bf1 Rd7 16. Nd4 Be5 17. Be3 Bg7 18. Qf2 Nac7 19. f4 Bg4 20. Rd2 c5 21. Nde2 Bxe2 22. Nxe2 Qxe4 23. Bxc5 Ne6 24. Bd4 Nf6 25. h4 Re8 26. Bxa7 Nxf4 27. Rd4 Nd3 28. Rxe4 Nxe4 29. Qb6 Nxe1 30. Qb3 f5 31. Qd1 Nd3 32. Qxd3 0-1

[Event "POL-chT 2nd League"]
[Site "Miedzyzdroje"]
[Date "2009.09.14"]
[Round "3"]
[White "Zolnierowicz, Krzysztof"]
[Black "Galazewski, Tomasz"]
[Result "1/2-1/2"]
[WhiteElo "2227"]
[BlackElo "2244"]
[PlyCount "113"]
[EventDate "2009.09.12"]
[EventType "team-swiss"]
[EventRounds "9"]
[EventCountry "POL"]
[SourceTitle "EXT 2019"]
[Source "ChessBase"]
[SourceDate "2018.10.10"]
[SourceVersion "1"]
[SourceVersionDate "2018.10.10"]
[SourceQuality "1"]
[WhiteTeam "Torun AZS UMK"]
[BlackTeam "Izabelin SSz Parazauroloff"]
[WhiteTeamCountry "POL"]
[BlackTeamCountry "POL"]

1. e4 c5 2. Nf3 d6 3. Bb5+ Bd7 4. Bxd7+ Nxd7 5. 0-0 Ngf6 6. Re1 e6 7. c3 Be7 8. d4 0-0 9. e5 dxe5 10. dxe5 Nd5 11. Nbd2 Qc7 12. Nc4 b5 13. Ne3 Nxe3 14. Rxe3 Rfd8 15. Qc2 Nf8 16. Re4 Ng6 17. h4 Rd5 18. h5 Nf8 19. c4 bxc4 20. Rxc4 Rad8 21. Be3 Nd7 22. Re4 Nxe5 23. Nxe5 f5 24. Ra4 Qxe5 25. Bf4 Qf6 26. Rxa7 e5 27. Re1 Bf8 28. Bc1 f4 29. Qb3 Kh8 30. Qf3 Qf5 31. b3 Rd3 32. Qe2 f3 33. gxf3 Qxh5 34. Be3 R3d6 35. Ra4 Rg6+ 36. Rg4 e4 37. Rxg6 Qxg6+ 38. Kf1 Qh5 39. Kg2 Qg6+ 40. Kf1 Qf5 41. fxe4 Qh3+ 42. Kg1 Bd6 43. f3 Qg3+ 44. Kf1 Rf8 45. Qg2 Rxf3+ 46. Bf2 Qf4 47. Rd1 Be7 48. Kg1 h5 49. Rd5 Qxe4 50. Rxh5+ Kg8 51. Qh2 Qg4+ 52. Kf1 c4 53. Rh8+ Kf7 54. Qe5 Rf5 55. Qe2 Qxe2+ 56. Kxe2 cxb3 57. axb3 1/2-1/2

[Event "Warsaw Najdorf Memorial op-A"]
[Site "Warsaw"]
[Date "2009.07.25"]
[Round "8"]
[White "Sliwerski, Radoslaw"]
[Black "Galazewski, Tomasz"]
[Result "0-1"]
[WhiteElo "2105"]
[BlackElo "2239"]
[PlyCount "84"]
[EventDate "2009.07.18"]
[EventType "swiss"]
[EventRounds "9"]
[EventCountry "POL"]
[SourceTitle "CBM 131 Extra"]
[Source "ChessBase"]
[SourceDate "2009.09.03"]
[SourceVersion "2"]
[SourceVersionDate "2009.09.16"]
[SourceQuality "1"]

1. d4 Nf6 2. c4 g6 3. g3 Bg7 4. Bg2 0-0 5. Nc3 d6 6. Nf3 c5 7. 0-0 Nc6 8. dxc5 dxc5 9. Bf4 Be6 10. Ne5 Qxd1 11. Rfxd1 Na5 12. Nd5 Nxd5 13. cxd5 Bf5 14. e4 Bc8 15. Rac1 b6 16. h4 h6 17. b4 cxb4 18. Nc6 Nxc6 19. dxc6 Bg4 20. c7 Bxd1 21. Rxd1 Rac8 22. Rd7 a5 23. e5 a4 24. Bb7 Rce8 25. Rd4 g5 26. hxg5 hxg5 27. Bxg5 Bxe5 28. Rc4 b3 29. axb3 axb3 30. Bf4 Bb2 31. Ra4 Kg7 32. Be3 b5 33. Ra7 Rc8 34. Bxc8 Rxc8 35. Bc5 Kf6 36. Ra6+ e6 37. Bd6 Be5 38. Ba3 Rxc7 39. Rb6 Bd4 40. Rxb5 Rc2 41. Bb4 e5 42. Be1 Rc1 0-1

[Event "Warsaw Najdorf Memorial op-A"]
[Site "Warsaw"]
[Date "2009.07.21"]
[Round "4"]
[White "Szewczak, Andrzej"]
[Black "Galazewski, Tomasz"]
[Result "0-1"]
[WhiteElo "1939"]
[BlackElo "2239"]
[PlyCount "110"]
[EventDate "2009.07.18"]
[EventType "swiss"]
[EventRounds "9"]
[EventCountry "POL"]
[SourceTitle "CBM 131 Extra"]
[Source "ChessBase"]
[SourceDate "2009.09.03"]
[SourceVersion "2"]
[SourceVersionDate "2009.09.16"]
[SourceQuality "1"]

1. e4 c5 2. c3 d5 3. d3 dxe4 4. dxe4 Qxd1+ 5. Kxd1 Nf6 6. f3 e6 7. Be3 Nc6 8. Nd2 Be7 9. Nh3 0-0 10. Bd3 Rd8 11. Nf2 b6 12. Kc2 Bb7 13. Rad1 Rac8 14. Rhe1 a6 15. Be2 Nd4+ 16. Kb1 Nxe2 17. Rxe2 a5 18. Ree1 Ba6 19. Kc1 Ne8 20. Nb1 Nd6 21. b3 a4 22. Kc2 Bb5 23. Na3 Be8 24. Nc4 axb3+ 25. axb3 Nxc4 26. Rxd8 Nxe3+ 27. Kd3 Rxd8+ 28. Kxe3 Bf6 29. c4 Bd4+ 30. Ke2 Bxf2 31. Kxf2 Rd2+ 32. Re2 Rxe2+ 33. Kxe2 b5 34. Kd3 Kf8 35. h4 Ke7 36. g4 e5 37. Kc3 Kf6 38. Kd3 Kg6 39. Kc3 h5 40. g5 f6 41. gxf6 Kxf6 42. b4 cxb4+ 43. Kxb4 bxc4 44. Kxc4 g5 45. hxg5+ Kxg5 46. Kd3 Kf4 47. Ke2 h4 48. Kf2 Bh5 49. Kg2 Bxf3+ 50. Kh3 Bxe4 51. Kh2 Kg4 52. Kg1 Kg3 53. Kf1 h3 54. Ke2 h2 55. Kd2 h1Q 0-1

[Event "Warsaw Najdorf Memorial op-A"]
[Site "Warsaw"]
[Date "2009.07.20"]
[Round "3"]
[White "Galazewski, Tomasz"]
[Black "Urban, Klaudiusz"]
[Result "0-1"]
[WhiteElo "2239"]
[BlackElo "2456"]
[PlyCount "50"]
[EventDate "2009.07.18"]
[EventType "swiss"]
[EventRounds "9"]
[EventCountry "POL"]
[SourceTitle "CBM 131 Extra"]
[Source "ChessBase"]
[SourceDate "2009.09.03"]
[SourceVersion "2"]
[SourceVersionDate "2009.09.16"]
[SourceQuality "1"]

1. e4 d5 2. exd5 Qxd5 3. Nc3 Qd8 4. Bc4 Nf6 5. Nf3 e6 6. 0-0 a6 7. d4 b5 8. Bb3 c5 9. dxc5 Qxd1 10. Nxd1 Bxc5 11. Be3 Nbd7 12. a4 b4 13. Bxc5 Nxc5 14. Bc4 Bb7 15. Ne3 Bxf3 16. gxf3 Ke7 17. Rfe1 Rhd8 18. c3 bxc3 19. bxc3 g6 20. a5 Rdc8 21. Rab1 Ra7 22. Rb4 Ncd7 23. Reb1 Rc5 24. Nc2 Rxa5 25. Nd4 Rc5 0-1

[Event "POL-chT U19 39th"]
[Site "Gorzow Wielkopolski"]
[Date "2008.07.13"]
[Round "9.19"]
[White "Tomczak, Jacek"]
[Black "Galazewski, Tomasz"]
[Result "1-0"]
[WhiteElo "2451"]
[BlackElo "2210"]
[PlyCount "115"]
[EventDate "2008.07.05"]
[EventType "team-tourn"]
[EventRounds "9"]
[EventCountry "POL"]
[SourceTitle "EXT 2019"]
[Source "ChessBase"]
[SourceDate "2018.10.10"]
[SourceVersion "1"]
[SourceVersionDate "2018.10.10"]
[SourceQuality "1"]
[WhiteTeam "Poznan Pocztowiec U19"]
[BlackTeam "Gorzow Wielkopolski Stilon U19"]
[WhiteTeamCountry "POL"]
[BlackTeamCountry "POL"]

1. e4 c5 2. Nf3 d6 3. d4 cxd4 4. Nxd4 Nf6 5. Nc3 Nc6 6. Bc4 Qb6 7. Nxc6 bxc6 8. 0-0 g6 9. Qe1 Qc5 10. b3 Bg7 11. Be3 Qa5 12. Bd4 e5 13. Be3 0-0 14. Rd1 Qc7 15. Qd2 Ne8 16. f4 Bg4 17. Rde1 exf4 18. Bxf4 Qd7 19. Na4 Be6 20. Bd3 Nf6 21. e5 Nh5 22. Bh6 dxe5 23. Bxg7 Qd4+ 24. Kh1 Nxg7 25. Re4 Qd6 26. Qe3 f6 27. Nc5 Nf5 28. Qf2 Nd4 29. Nxe6 Nxe6 30. Ra4 a5 31. Qe1 Kg7 32. Rxa5 Rxa5 33. Qxa5 f5 34. Bc4 e4 35. Qc3+ Rf6 36. a4 Ng5 37. Qg3 Nf7 38. Qxd6 Rxd6 39. a5 Ne5 40. Be2 Rd2 41. a6 Nd7 42. a7 Nb6 43. Bc4 e3 44. Kg1 e2 45. Re1 Rd7 46. Bxe2 Rxa7 47. Bf3 Kf6 48. Re3 Nd5 49. Re2 Ra2 50. Kf2 Nc3 51. Rd2 c5 52. Ke3 Ke5 53. Kd3 Nd5 54. Re2+ Kd6 55. Kc4 Nb4 56. Rd2+ Kc7 57. Kxc5 Nxc2 58. Re2 1-0

[Event "POL-chT U19 39th"]
[Site "Gorzow Wielkopolski"]
[Date "2008.07.12"]
[Round "8.13"]
[White "Galazewski, Tomasz"]
[Black "Gluszko, Tomasz"]
[Result "1-0"]
[WhiteElo "2210"]
[BlackElo "2225"]
[PlyCount "85"]
[EventDate "2008.07.05"]
[EventType "team-tourn"]
[EventRounds "9"]
[EventCountry "POL"]
[SourceTitle "EXT 2019"]
[Source "ChessBase"]
[SourceDate "2018.10.10"]
[SourceVersion "1"]
[SourceVersionDate "2018.10.10"]
[SourceQuality "1"]
[WhiteTeam "Gorzow Wielkopolski Stilon U19"]
[BlackTeam "Warszawa Polonia U19"]
[WhiteTeamCountry "POL"]
[BlackTeamCountry "POL"]

1. e4 c5 2. Nf3 Nc6 3. d4 cxd4 4. Nxd4 Nf6 5. Nc3 d6 6. Be2 e5 7. Nf3 h6 8. h3 Be7 9. 0-0 0-0 10. Re1 Be6 11. Bf1 Nb8 12. Nd5 Nxd5 13. exd5 Bf5 14. c4 Nd7 15. Be3 a5 16. Rc1 b6 17. b3 Bh7 18. a3 f5 19. b4 f4 20. Bd2 Bf6 21. Bc3 axb4 22. axb4 e4 23. Bxf6 Qxf6 24. Nd4 Ne5 25. Ne6 Rf7 26. Ra1 Re8 27. Ra2 Qh4 28. Qa1 e3 29. Qd4 Rf6 30. Rxe3 Bf5 31. Qxf4 Qxf4 32. Nxf4 Bb1 33. Rb2 Rxf4 34. Rxb1 Rc8 35. Rc1 Nxc4 36. Re7 b5 37. Rb7 Rcf8 38. Rxb5 Nd2 39. f3 Nxf1 40. Kxf1 Rd4 41. Rc6 Ra8 42. Rxd6 Rd2 43. Kg1 1-0

[Event "POL-chT U19 39th"]
[Site "Gorzow Wielkopolski"]
[Date "2008.07.10"]
[Round "6.19"]
[White "Galazewski, Tomasz"]
[Black "Wojciechowski, Piotr"]
[Result "0-1"]
[WhiteElo "2210"]
[BlackElo "2247"]
[PlyCount "70"]
[EventDate "2008.07.05"]
[EventType "team-tourn"]
[EventRounds "9"]
[EventCountry "POL"]
[SourceTitle "EXT 2019"]
[Source "ChessBase"]
[SourceDate "2018.10.10"]
[SourceVersion "1"]
[SourceVersionDate "2018.10.10"]
[SourceQuality "1"]
[WhiteTeam "Gorzow Wielkopolski Stilon U19"]
[BlackTeam "Gliwice Politechnika Slaska U19"]
[WhiteTeamCountry "POL"]
[BlackTeamCountry "POL"]

1. e4 c5 2. Nf3 Nc6 3. d4 cxd4 4. Nxd4 Nf6 5. Nc3 d6 6. Bc4 e6 7. Be3 Be7 8. Bb3 a6 9. Qe2 Qc7 10. 0-0-0 0-0 11. g4 Nxd4 12. Rxd4 Nd7 13. g5 b5 14. Qh5 g6 15. Qe2 Nc5 16. h4 f5 17. exf5 Rxf5 18. h5 Bb7 19. Rh3 Bg2 20. Rg3 Nxb3+ 21. axb3 Qb7 22. hxg6 hxg6 23. Rh4 Bf3 24. Rgh3 Bf8 25. Rh8+ Kf7 26. R8h7+ Bg7 27. Qd3 Qc6 28. Ne2 Bxe2 29. Qxe2 e5 30. f3 Rg8 31. f4 Qe4 32. fxe5 dxe5 33. Qd2 Rf1+ 34. Qd1 Rxd1+ 35. Kxd1 Rd8+ 0-1